<The> Farm Business
Enregistré dans:
| Auteur principal: | |
|---|---|
| Autres auteurs: | , |
| Format: | Livre |
| Langue: | anglais |
| Publié: |
London
Longman
1985
|
| Édition: | 2. ed. |
| Tags: |
Pas de tags, Soyez le premier à ajouter un tag!
|
MARC
| LEADER | 00000nam a2200000 4500 | ||
|---|---|---|---|
| 001 | c037025 | ||
| 005 | 20221220081751.3 | ||
| 041 | 0 | |a eng | |
| 044 | |a GB | ||
| 245 | 1 | 0 | |a <The> Farm Business |c L. Norman, R.A.E. Turner, K.R.S. Wilson |
| 250 | |a 2. ed. | ||
| 264 | 1 | |a London |b Longman |c 1985 | |
| 300 | |a 313 s. | ||
| 100 | 1 | |a Norman, L. | |
| 700 | 1 | |a Turner, R.A.E. | |
| 700 | 1 | |a Wilson, K.R.S. | |